000 00963nam a2200253Ia 4500
003 OSt
005 20221005113213.0
006 a|||||r|||| 00| 0
007 ta
008 221004b |||||||| |||| 00| 0 pan d
020 _a9789380145464 (hbk)
_cINR 200.00
024 _a33400
037 _b783, 27/02/2017, H.K. Prakashan
_cTextual
040 _aCRL
_cCRL
_bpan
041 _2pan
_apan
082 _aQ8441xK70, 153Q4
100 _aਸੇਖੋ੍ਵ, ਬੂਟਾ ਸਿੰਘ, ਂਚ.
245 0 _aਮਹਾਂਬਲੀ ਖਾਲਸਾ ਬੰਦਾ ਸਿੰਘ ਬਹਾਦਰ
260 _aਪਟਿਆਲਾ
_b21 ਸੈ੍ਵਚੂਰੀ ਪਬਲਿFਰਗ਼ ਭਾਰਤ
_c2014
300 _a154ਪ੍ਰ0
_ccm.
650 _a ਸਿੱਖ ਧਰਮ
_9156314
942 _hQ8441xK70, 153Q4
_cTEXL
_2cc
999 _c1027375
_d1027375